000 00421nam a2200169Ia 4500
001 2709
003 IN-NITTTR
005 20251114232934.0
008 251113s9999||||xx |||||||||||||| ||eng||
040 _beng
040 _cIN-NITTTR
041 _aeng
082 _a721 C85A
100 _aCrane, Theodore
245 0 _aArchitectural construction :
_b the choice of structural design /
_cCrane, Theodore
942 _2ddc
_cBK
999 _c4275
_d4275